[Event "chess.com Speed Inv Qual"]
[Site "Chess.com INT"]
[Date "2018.06.26"]
[Round "1.5"]
[White "Hansen, Eric"]
[Black "Hammer, Jon Ludvig"]
[Result "0-1"]
[WhiteElo "2629"]
[BlackElo "2631"]
[PlyCount "134"]
[GameId "1268692321984512"]
[EventDate "2018.06.26"]
[EventType "k.o. (blitz)"]
[EventRounds "2"]
[EventCountry "USA"]
[SourceTitle "CBM 185 Extra"]
[Source "ChessBase"]
[SourceDate "2018.07.29"]
[SourceVersion "1"]
[SourceVersionDate "2018.07.29"]
[SourceQuality "1"]

1. e4 e5 2. Nf3 Nc6 3. Bb5 Nf6 4. d3 Bc5 5. c3 O-O 6. O-O Re8 7. Re1 a6 8. Ba4 d5 9. exd5 Qxd5 10. Bb3 Qd6 11. Ng5 Nd8 12. Qf3 Bg4 13. Qg3 Bf5 14. Ne4 Nxe4 15. dxe4 Be6 16. Nd2 Bxb3 17. axb3 Qe6 18. b4 Bf8 19. Qd3 f6 20. Nc4 Nf7 21. Na5 Nd6 22. Be3 b6 23. Nc6 Nc4 24. Qd5 Nxb2 25. Ra2 Nc4 26. Rea1 a5 27. bxa5 bxa5 28. Nxa5 Nxe3 29. fxe3 Rad8 30. Qxe6+ Rxe6 31. Kf1 Rd3 32. Ra4 Rxc3 33. Rc4 Rxc4 34. Nxc4 Rc6 35. Ra4 h5 36. h3 h4 37. Ke2 Kf7 38. Kd3 Be7 39. Ra8 Ke6 40. Rh8 g5 41. Ra8 Kd7 42. Kc3 Rc5 43. Rb8 Rc6 44. Ra8 Re6 45. Kd3 Bd8 46. Kc3 Re8 47. Ra7 Kc6 48. Ra6+ Kd7 49. Ra7 Rg8 50. Kd3 g4 51. Nb6+ Kd6 52. Nd5 gxh3 53. gxh3 Rg3 54. Ra6+ Kd7 55. Nxf6+ Bxf6 56. Rxf6 Rxh3 57. Rf5 Ke6 58. Rh5 Rh1 59. Rh6+ Kd7 60. Kc4 h3 61. Kd5 h2 62. Kxe5 c5 63. Rh7+ Kc6 64. Ke6 c4 65. e5 c3 66. Rh8 Kc7 67. Rh7+ Kb6 0-1

[Event "chess.com Speed Inv Qual"]
[Site "Chess.com INT"]
[Date "2018.06.26"]
[Round "1.6"]
[White "Hammer, Jon Ludvig"]
[Black "Hansen, Eric"]
[Result "0-1"]
[WhiteElo "2631"]
[BlackElo "2629"]
[PlyCount "56"]
[GameId "1268692321988608"]
[EventDate "2018.06.26"]
[EventType "k.o. (blitz)"]
[EventRounds "2"]
[EventCountry "USA"]
[SourceTitle "CBM 185 Extra"]
[Source "ChessBase"]
[SourceDate "2018.07.29"]
[SourceVersion "1"]
[SourceVersionDate "2018.07.29"]
[SourceQuality "1"]

1. d4 Nf6 2. c4 g6 3. Nf3 Bg7 4. g3 O-O 5. Bg2 d5 6. cxd5 Nxd5 7. O-O Nb6 8. Nc3 Nc6 9. d5 Na5 10. Nd4 e6 11. e4 c6 12. b3 exd5 13. exd5 Nxd5 14. Nxd5 cxd5 15. Be3 Nc6 16. Rc1 Qf6 17. Nb5 d4 18. Bf4 g5 19. Bd6 Rd8 20. Bc7 Re8 21. Qd2 a6 22. Nd6 Re7 23. Nxc8 Rxc8 24. Bb6 Rce8 25. Rfe1 g4 26. Bc5 Re5 27. Bb6 Bh6 28. Rxe5 Nxe5 0-1

[Event "chess.com Speed Inv Qual"]
[Site "Chess.com INT"]
[Date "2018.06.26"]
[Round "1.7"]
[White "Hansen, Eric"]
[Black "Hammer, Jon Ludvig"]
[Result "1/2-1/2"]
[WhiteElo "2629"]
[BlackElo "2631"]
[PlyCount "139"]
[GameId "1268692321992704"]
[EventDate "2018.06.26"]
[EventType "k.o. (blitz)"]
[EventRounds "2"]
[EventCountry "USA"]
[SourceTitle "CBM 185 Extra"]
[Source "ChessBase"]
[SourceDate "2018.07.29"]
[SourceVersion "1"]
[SourceVersionDate "2018.07.29"]
[SourceQuality "1"]

1. e4 e5 2. Nf3 Nc6 3. Bb5 Nf6 4. O-O Nxe4 5. Re1 Nd6 6. Nxe5 Be7 7. Bf1 Nxe5 8. Rxe5 O-O 9. d4 Bf6 10. Re1 Re8 11. Rxe8+ Nxe8 12. c3 d5 13. Bf4 c6 14. Bd3 g6 15. Nd2 Ng7 16. Qb3 Qb6 17. Re1 Bf5 18. Bxf5 Nxf5 19. Nf3 Ng7 20. Qa3 Re8 21. Rxe8+ Nxe8 22. Be5 Bd8 23. h4 f6 24. Bf4 Kf7 25. b3 Be7 26. Qc1 Qa6 27. Qc2 Ng7 28. g3 Qa3 29. Kg2 Qa5 30. c4 Qd8 31. Qc3 a6 32. Qd3 Qd7 33. Bh6 Nh5 34. Ng1 Qe6 35. Ne2 Bd6 36. Nc3 dxc4 37. bxc4 Bb4 38. d5 cxd5 39. cxd5 Qe5 40. Ne4 Bd6 41. Qc4 f5 42. Ng5+ Ke7 43. Nxh7 Kd7 44. Ng5 Nxg3 45. Qa4+ Kc8 46. Qc2+ Kb8 47. fxg3 Qxg3+ 48. Kf1 Qxh4 49. Nf7 Qh1+ 50. Ke2 Bc7 51. Qd3 f4 52. d6 Bb6 53. Bxf4 Qg2+ 54. Ke1 Qf2+ 55. Kd1 Qxf4 56. Qd5 Qf1+ 57. Kd2 Qf2+ 58. Kd3 Qf5+ 59. Qxf5 gxf5 60. d7 Ka7 61. Kc4 f4 62. Kd3 f3 63. d8=Q Bxd8 64. Nxd8 Kb6 65. Ke3 Kc5 66. Nxb7+ Kb4 67. Kxf3 Ka3 68. Ke4 Kxa2 69. Kd4 a5 70. Nxa5 1/2-1/2

[Event "chess.com Speed Inv Qual"]
[Site "Chess.com INT"]
[Date "2018.06.26"]
[Round "1.8"]
[White "Hammer, Jon Ludvig"]
[Black "Hansen, Eric"]
[Result "1-0"]
[WhiteElo "2631"]
[BlackElo "2629"]
[PlyCount "57"]
[GameId "1268692321996800"]
[EventDate "2018.06.26"]
[EventType "k.o. (blitz)"]
[EventRounds "2"]
[EventCountry "USA"]
[SourceTitle "CBM 185 Extra"]
[Source "ChessBase"]
[SourceDate "2018.07.29"]
[SourceVersion "1"]
[SourceVersionDate "2018.07.29"]
[SourceQuality "1"]

1. d4 Nf6 2. c4 g6 3. g3 Bg7 4. Nf3 d5 5. cxd5 Nxd5 6. Bg2 O-O 7. O-O Nc6 8. Nc3 Nb6 9. e3 Re8 10. a3 a5 11. Qc2 a4 12. Rd1 Be6 13. d5 Nxd5 14. Ng5 Bf5 15. e4 Nxc3 16. Rxd8 Rexd8 17. bxc3 Bd7 18. Bf4 e5 19. Be3 h6 20. Nf3 Be6 21. Nd2 Na5 22. Rb1 b6 23. Bf1 Bf8 24. Rb4 Nb3 25. Nf3 f6 26. Bb5 c5 27. Rxa4 c4 28. Rxa8 Rxa8 29. a4 1-0

[Event "chess.com Speed Inv Qual"]
[Site "Chess.com INT"]
[Date "2018.06.26"]
[Round "1.9"]
[White "Hansen, Eric"]
[Black "Hammer, Jon Ludvig"]
[Result "1-0"]
[WhiteElo "2629"]
[BlackElo "2631"]
[PlyCount "87"]
[GameId "1268692322000896"]
[EventDate "2018.06.26"]
[EventType "k.o. (blitz)"]
[EventRounds "2"]
[EventCountry "USA"]
[SourceTitle "CBM 185 Extra"]
[Source "ChessBase"]
[SourceDate "2018.07.29"]
[SourceVersion "1"]
[SourceVersionDate "2018.07.29"]
[SourceQuality "1"]

1. Nf3 d5 2. g3 Nf6 3. Bg2 c6 4. O-O Bg4 5. h3 Bh5 6. d3 e6 7. Qe1 Bxf3 8. Bxf3 Bc5 9. Bg2 Qc7 10. e3 a5 11. b3 a4 12. b4 Bd6 13. c4 dxc4 14. dxc4 Be5 15. Nc3 a3 16. Rb1 O-O 17. Rb3 Na6 18. Bxa3 Nb8 19. b5 Rd8 20. b6 Qc8 21. f4 Bd6 22. Bxd6 Rxd6 23. e4 Rd3 24. Nd5 cxd5 25. Rxd3 dxe4 26. Bxe4 Nbd7 27. Qe3 Qxc4 28. Bxb7 Rxa2 29. Rc1 Qb4 30. Rb3 Qd6 31. Bf3 h5 32. b7 Kh7 33. Qd3+ Qxd3 34. Rxd3 Rb2 35. Rcc3 Rb1+ 36. Kf2 Rb2+ 37. Ke1 Nd5 38. Bxd5 exd5 39. Rb3 Nc5 40. Rxb2 Nxd3+ 41. Kf1 Nxb2 42. b8=Q Nd3 43. Qd6 h4 44. Qa3 1-0

[Event "chess.com Speed Inv Qual"]
[Site "Chess.com INT"]
[Date "2018.06.26"]
[Round "1.10"]
[White "Hammer, Jon Ludvig"]
[Black "Hansen, Eric"]
[Result "1-0"]
[WhiteElo "2631"]
[BlackElo "2629"]
[PlyCount "97"]
[GameId "1268692322004992"]
[EventDate "2018.06.26"]
[EventType "k.o. (blitz)"]
[EventRounds "2"]
[EventCountry "USA"]
[SourceTitle "CBM 185 Extra"]
[Source "ChessBase"]
[SourceDate "2018.07.29"]
[SourceVersion "1"]
[SourceVersionDate "2018.07.29"]
[SourceQuality "1"]

1. c4 Nf6 2. g3 c6 3. Nf3 g6 4. Bg2 Bg7 5. O-O O-O 6. b3 d5 7. Bb2 Bg4 8. d3 Bxf3 9. Bxf3 e6 10. Qc2 Ne8 11. Nc3 Nd6 12. Rad1 Nd7 13. Bg2 Re8 14. e4 d4 15. Ne2 e5 16. f4 c5 17. f5 b5 18. cxb5 a6 19. bxa6 Rxa6 20. Nc1 Bh6 21. Kh1 Qa8 22. Bh3 Ra7 23. a4 Be3 24. Ba3 Qc6 25. fxg6 hxg6 26. Bxd7 Rxd7 27. Qxc5 Qa8 28. Qd5 Qxd5 29. exd5 Nf5 30. Bc5 Rxd5 31. b4 Ra8 32. a5 Bg5 33. Rde1 Ne3 34. Rf2 f5 35. Ra2 Kf7 36. Nb3 f4 37. gxf4 Bxf4 38. Rf2 g5 39. b5 Rxc5 40. Nxc5 Rxa5 41. Rb2 Nd5 42. Nb7 Ra7 43. Nd6+ Ke6 44. b6 Ra8 45. b7 Rb8 46. Ne4 Kd7 47. Ra1 Nc3 48. Nc5+ Kc6 49. Ra8 1-0

[Event "chess.com Speed Inv Qual"]
[Site "Chess.com INT"]
[Date "2018.06.26"]
[Round "1.11"]
[White "Hansen, Eric"]
[Black "Hammer, Jon Ludvig"]
[Result "0-1"]
[WhiteElo "2629"]
[BlackElo "2631"]
[PlyCount "94"]
[GameId "1268692322009088"]
[EventDate "2018.06.26"]
[EventType "k.o. (blitz)"]
[EventRounds "2"]
[EventCountry "USA"]
[SourceTitle "CBM 185 Extra"]
[Source "ChessBase"]
[SourceDate "2018.07.29"]
[SourceVersion "1"]
[SourceVersionDate "2018.07.29"]
[SourceQuality "1"]

1. e4 e5 2. Nf3 Nc6 3. Bb5 Nf6 4. d3 Bc5 5. c3 O-O 6. O-O Re8 7. Re1 a6 8. Ba4 d5 9. exd5 Qxd5 10. Bb3 Qd6 11. Ng5 Nd8 12. Qf3 Bg4 13. Qg3 Bf5 14. Ne4 Nxe4 15. dxe4 Be6 16. Nd2 Bxb3 17. axb3 Qe6 18. b4 Bf8 19. Nf1 f6 20. Ne3 Nf7 21. Nd5 Rac8 22. f4 exf4 23. Bxf4 Ne5 24. Rad1 c6 25. Ne3 Ng6 26. Nf5 Rcd8 27. Rxd8 Rxd8 28. h4 c5 29. bxc5 Bxc5+ 30. Be3 Bxe3+ 31. Qxe3 Ne7 32. Nd4 Qb6 33. Re2 Ng6 34. h5 Ne5 35. Qh3 g6 36. h6 Kf7 37. Kh1 a5 38. Rf2 a4 39. Qg3 Ke7 40. Nf5+ gxf5 41. Qg7+ Nf7 42. Rxf5 Rd1+ 43. Kh2 Qg1+ 44. Kh3 Qh1+ 45. Kg3 Rd3+ 46. Rf3 Rxf3+ 47. Kxf3 Qxh6 0-1

[Event "chess.com Speed Inv Qual"]
[Site "Chess.com INT"]
[Date "2018.06.26"]
[Round "1.12"]
[White "Hammer, Jon Ludvig"]
[Black "Hansen, Eric"]
[Result "1/2-1/2"]
[WhiteElo "2631"]
[BlackElo "2629"]
[PlyCount "128"]
[GameId "1268692322013184"]
[EventDate "2018.06.26"]
[EventType "k.o. (blitz)"]
[EventRounds "2"]
[EventCountry "USA"]
[SourceTitle "CBM 185 Extra"]
[Source "ChessBase"]
[SourceDate "2018.07.29"]
[SourceVersion "1"]
[SourceVersionDate "2018.07.29"]
[SourceQuality "1"]

1. c4 Nf6 2. g3 e5 3. Bg2 Nc6 4. Nf3 Bc5 5. O-O d6 6. e3 Bb6 7. d4 O-O 8. dxe5 Nxe5 9. Nxe5 dxe5 10. Qxd8 Rxd8 11. b3 c6 12. h3 Bf5 13. g4 Bd3 14. Rd1 h5 15. g5 Ne4 16. Bb2 Nxg5 17. Bxe5 Be2 18. Rxd8+ Rxd8 19. Nc3 Nf3+ 20. Bxf3 Bxf3 21. Na4 Ba5 22. a3 Re8 23. Bg3 Bd8 24. h4 Bf6 25. Rb1 Rd8 26. Nc5 b6 27. Nb7 Rd2 28. Nd6 g6 29. a4 Be7 30. Nc8 Rd7 31. Nxe7+ Rxe7 32. b4 Re4 33. b5 Rxc4 34. bxc6 Rxc6 35. Ra1 f6 36. Bf4 a6 37. Kh2 Kf7 38. Kg3 Bd5 39. Rd1 Ke6 40. Rb1 Be4 41. Rb4 Bd5 42. Rb2 Bc4 43. Rd2 Bd5 44. Rb2 Ke7 45. f3 Bc4 46. e4 b5 47. axb5 axb5 48. Bd2 Ke6 49. Bb4 Ra6 50. Rd2 g5 51. f4 gxf4+ 52. Kxf4 Ra4 53. Rd6+ Kf7 54. Bc3 Be6 55. Rb6 f5 56. Kg5 Rxe4 57. Rb7+ Ke8 58. Rxb5 f4 59. Re5 Rxe5+ 60. Bxe5 f3 61. Bd4 Bg4 62. Bf2 Kd7 63. Kf4 Ke6 64. Kg3 Kf5 1/2-1/2

[Event "chess.com Speed Inv Qual"]
[Site "Chess.com INT"]
[Date "2018.06.26"]
[Round "1.13"]
[White "Hansen, Eric"]
[Black "Hammer, Jon Ludvig"]
[Result "1-0"]
[WhiteElo "2629"]
[BlackElo "2631"]
[PlyCount "137"]
[GameId "1268692322017280"]
[EventDate "2018.06.26"]
[EventType "k.o. (blitz)"]
[EventRounds "2"]
[EventCountry "USA"]
[SourceTitle "CBM 185 Extra"]
[Source "ChessBase"]
[SourceDate "2018.07.29"]
[SourceVersion "1"]
[SourceVersionDate "2018.07.29"]
[SourceQuality "1"]

1. d4 d5 2. Nf3 Nf6 3. c4 e6 4. Nc3 Be7 5. e3 O-O 6. b3 b6 7. Bd3 Bb7 8. O-O Ne4 9. Bb2 Nd7 10. Rc1 f5 11. Ne2 Bd6 12. Ne5 Bxe5 13. dxe5 Ndc5 14. Nd4 Qe8 15. Be2 dxc4 16. Bxc4 a5 17. f3 Ng5 18. Ba3 Rd8 19. Qc2 Bd5 20. Bb5 c6 21. Be2 Qg6 22. Bxc5 bxc5 23. Qxc5 f4 24. e4 Bxe4 25. fxe4 Qxe4 26. Nxc6 Qxe2 27. Nxd8 f3 28. Rf2 Qe4 29. Nc6 Qg4 30. Kh1 h6 31. Rg1 Ne4 32. Qe3 Nxf2+ 33. Qxf2 Qe4 34. Nxa5 Qxe5 35. Nc4 Qd5 36. gxf3 Rxf3 37. Qg2 g5 38. Nd2 Rd3 39. Qxd5 exd5 40. Rg2 d4 41. Kg1 Rc3 42. Kf1 Rc2 43. a4 Ra2 44. Ke2 Kg7 45. Rg4 Kg6 46. Rxd4 Kh5 47. h3 Ra1 48. Kf2 Kg6 49. Rc4 Kh5 50. Nf3 Ra2+ 51. Kg3 Ra1 52. h4 g4 53. Rc5+ Kg6 54. h5+ Kf7 55. Kxg4 Rb1 56. Rb5 Ke6 57. Kf4 Kd6 58. Rb6+ Kc5 59. Rxh6 Rxb3 60. Rf6 Rb7 61. h6 Kd5 62. Ng5 Rb4+ 63. Kf5 Rb1 64. h7 Rh1 65. Kg6 Kc4 66. Rf8 Kb4 67. h8=Q Rc1 68. Qb2+ Ka5 69. Ra8# 1-0

[Event "chess.com Speed Inv Qual"]
[Site "Chess.com INT"]
[Date "2018.06.26"]
[Round "1.14"]
[White "Hammer, Jon Ludvig"]
[Black "Hansen, Eric"]
[Result "1-0"]
[WhiteElo "2631"]
[BlackElo "2629"]
[PlyCount "179"]
[GameId "1268692322021376"]
[EventDate "2018.06.26"]
[EventType "k.o. (blitz)"]
[EventRounds "2"]
[EventCountry "USA"]
[SourceTitle "CBM 185 Extra"]
[Source "ChessBase"]
[SourceDate "2018.07.29"]
[SourceVersion "1"]
[SourceVersionDate "2018.07.29"]
[SourceQuality "1"]

1. c4 Nf6 2. g3 g6 3. Bg2 Bg7 4. Nc3 O-O 5. d4 d6 6. Nf3 Nc6 7. O-O a6 8. d5 Na5 9. Nd2 c5 10. dxc6 Nxc6 11. Nde4 Nxe4 12. Bxe4 Ne5 13. Qb3 Be6 14. Bd5 Bh3 15. Rd1 Rb8 16. Bg5 h6 17. Be3 Nc6 18. c5 Qc7 19. cxd6 exd6 20. Rac1 Qe7 21. Bh1 Kh7 22. Nd5 Qd8 23. Bb6 Qd7 24. Ne3 Rfe8 25. Qa3 Bf8 26. Nd5 Qf5 27. e4 Qe5 28. Be3 Be6 29. Bf4 Qg7 30. Nc7 Nd4 31. Nxe8 Rxe8 32. Qd3 Nc6 33. a3 Rd8 34. Bf3 Be7 35. Qd2 g5 36. Be3 g4 37. Bg2 h5 38. Bf4 Kg8 39. b4 Bf6 40. Qe1 Be5 41. Bxe5 Qxe5 42. Qe3 Kg7 43. Qc3 Qxc3 44. Rxc3 Kf6 45. Kf1 Ke7 46. Ke2 Rf8 47. Ke3 f6 48. Rh1 Ra8 49. h3 gxh3 50. Bxh3 Bf7 51. Bg2 Rh8 52. Bf1 Kd7 53. Be2 Ne5 54. Rh4 Ke7 55. Rh2 Kd7 56. f4 Nc6 57. g4 d5 58. exd5 Ne7 59. Rd3 Kd6 60. gxh5 Nf5+ 61. Kd2 Nh6 62. Bf3 a5 63. bxa5 Ra8 64. Rb3 Rxa5 65. Kc1 b5 66. Rc2 Be8 67. Re2 Bd7 68. Rc2 Ra4 69. Rg2 Rxf4 70. Rg6 Nf7 71. h6 Ne5 72. Rg3 Rh4 73. Bg2 Rxh6 74. Kd2 Rh4 75. Kc3 Rc4+ 76. Kb2 Rf4 77. Rbc3 Rf2+ 78. Kb3 Rf4 79. Rge3 Nc4 80. Rg3 Nd2+ 81. Kc2 Nc4 82. Kd1 Ne5 83. Ke1 Ra4 84. Rge3 Rg4 85. Bf1 Rf4 86. Rb3 Rd4 87. Bxb5 Bf5 88. Be2 Kxd5 89. Rec3 Be4 90. Rb6 1-0

[Event "chess.com Speed Inv Qual"]
[Site "Chess.com INT"]
[Date "2018.06.26"]
[Round "1.15"]
[White "Hansen, Eric"]
[Black "Hammer, Jon Ludvig"]
[Result "1-0"]
[WhiteElo "2629"]
[BlackElo "2631"]
[PlyCount "115"]
[GameId "1268692322025472"]
[EventDate "2018.06.26"]
[EventType "k.o. (blitz)"]
[EventRounds "2"]
[EventCountry "USA"]
[SourceTitle "CBM 185 Extra"]
[Source "ChessBase"]
[SourceDate "2018.07.29"]
[SourceVersion "1"]
[SourceVersionDate "2018.07.29"]
[SourceQuality "1"]

1. e4 e5 2. Nf3 Nc6 3. Bb5 Nf6 4. d3 Bc5 5. c3 O-O 6. O-O Re8 7. Re1 a6 8. Ba4 d5 9. Qe2 b5 10. Bb3 dxe4 11. dxe4 h6 12. Nbd2 Rb8 13. Nf1 a5 14. a4 b4 15. Bc4 bxc3 16. bxc3 Be6 17. Bb5 Bd7 18. Rd1 Qc8 19. Ng3 Bf8 20. Be3 Ng4 21. Bd2 Nf6 22. h3 Na7 23. Ba6 Qd8 24. Be3 Nc8 25. Bb5 Nd6 26. Bd3 Bc6 27. c4 Qd7 28. c5 Nb7 29. Bb5 Qe6 30. Bc4 Qc8 31. Qc2 Bd7 32. c6 Bxc6 33. Bxf7+ Kxf7 34. Qxc6 Nd6 35. Rac1 Rb7 36. Rc5 Kg8 37. Nxe5 Ndxe4 38. Nxe4 Nxe4 39. Qxe4 Bxc5 40. Bxc5 Rb8 41. Qc4+ Qe6 42. Be3 Qxc4 43. Nxc4 Rb4 44. Nxa5 Rxa4 45. Nc6 Rc4 46. Na5 Rc2 47. g4 c5 48. Rd7 Rc8 49. Nb7 c4 50. Nd6 Rf8 51. Bd4 Ra8 52. Rxg7+ Kf8 53. Rh7 Ra6 54. Nf5 c3 55. Rc7 Rc1+ 56. Kg2 c2 57. Ne3 Ra2 58. h4 1-0

[Event "chess.com Speed Inv Qual"]
[Site "Chess.com INT"]
[Date "2018.06.26"]
[Round "1.16"]
[White "Hammer, Jon Ludvig"]
[Black "Hansen, Eric"]
[Result "1/2-1/2"]
[WhiteElo "2631"]
[BlackElo "2629"]
[PlyCount "86"]
[GameId "1268692322029568"]
[EventDate "2018.06.26"]
[EventType "k.o. (blitz)"]
[EventRounds "2"]
[EventCountry "USA"]
[SourceTitle "CBM 185 Extra"]
[Source "ChessBase"]
[SourceDate "2018.07.29"]
[SourceVersion "1"]
[SourceVersionDate "2018.07.29"]
[SourceQuality "1"]

1. d4 Nf6 2. Nf3 g6 3. c4 Bg7 4. g3 O-O 5. Bg2 d5 6. O-O dxc4 7. Na3 c3 8. bxc3 Nd5 9. Bb2 c5 10. Re1 Nc6 11. h3 Nb6 12. Rb1 Be6 13. e4 Na5 14. d5 Bd7 15. e5 Ba4 16. Qe2 Qxd5 17. Ng5 Qxa2 18. Qg4 Bc6 19. e6 f5 20. Qh4 h6 21. Nf7 g5 22. Qh5 Rxf7 23. Qxf7+ Kh8 24. Bxc6 Nxc6 25. Nb5 Rf8 26. Qh5 Qc4 27. Nc7 f4 28. g4 f3 29. Ne8 Kh7 30. Nxg7 Kxg7 31. Re3 Rf4 32. Rbe1 Nd5 33. Re4 Rxe4 34. Rxe4 Qxe4 35. Qf7+ Kh8 36. Qf8+ Kh7 37. Qf7+ Kh8 38. c4+ Nd4 39. Qf8+ Kh7 40. Qf7+ Kh8 41. Qf8+ Kh7 42. Qf7+ Kh8 43. Qf8+ Kh7 1/2-1/2

[Event "chess.com Speed Inv Qual"]
[Site "Chess.com INT"]
[Date "2018.06.26"]
[Round "1.17"]
[White "Hansen, Eric"]
[Black "Hammer, Jon Ludvig"]
[Result "1-0"]
[WhiteElo "2629"]
[BlackElo "2631"]
[PlyCount "113"]
[GameId "1268692322033664"]
[EventDate "2018.06.26"]
[EventType "k.o. (blitz)"]
[EventRounds "2"]
[EventCountry "USA"]
[SourceTitle "CBM 185 Extra"]
[Source "ChessBase"]
[SourceDate "2018.07.29"]
[SourceVersion "1"]
[SourceVersionDate "2018.07.29"]
[SourceQuality "1"]

1. Nf3 d5 2. g3 Nf6 3. Bg2 g6 4. O-O Bg7 5. d3 O-O 6. Nbd2 Nc6 7. e4 e5 8. Re1 Re8 9. h3 h6 10. a3 a5 11. b3 d4 12. Bb2 b6 13. Nc4 Ba6 14. Rc1 Nh7 15. c3 Ng5 16. cxd4 Nxf3+ 17. Qxf3 Nxd4 18. Qd1 c6 19. b4 axb4 20. axb4 Bb5 21. Ra1 Rxa1 22. Bxa1 h5 23. h4 Bh6 24. Bc3 Kh7 25. Kh2 Bf8 26. Rf1 Bh6 27. Qa1 f6 28. Qb2 Ba4 29. Ra1 b5 30. Na5 Qd7 31. Bxd4 exd4 32. f4 g5 33. Bh3 Qc7 34. hxg5 fxg5 35. f5 h4 36. Qf2 Bf8 37. Kg2 Bxb4 38. gxh4 Bxa5 39. hxg5 Kg8 40. f6 Qh7 41. Rh1 Qg6 42. Qh4 Bd2 43. Be6+ Rxe6 44. Qh8+ Kf7 45. Rh7+ Qxh7 46. Qxh7+ Ke8 47. Qg8+ Kd7 48. Qf7+ Kd6 49. Qf8+ Ke5 50. g6 Rxf6 51. Qe7+ Re6 52. Qg7+ Kf4 53. Qf7+ Ke5 54. g7 Bb3 55. g8=Q Kd6 56. Qd8+ Kc5 57. Qff8+ 1-0

[Event "chess.com Speed Inv Qual"]
[Site "Chess.com INT"]
[Date "2018.06.26"]
[Round "1.18"]
[White "Hammer, Jon Ludvig"]
[Black "Hansen, Eric"]
[Result "0-1"]
[WhiteElo "2631"]
[BlackElo "2629"]
[PlyCount "54"]
[GameId "1268692322037760"]
[EventDate "2018.06.26"]
[EventType "k.o. (blitz)"]
[EventRounds "2"]
[EventCountry "USA"]
[SourceTitle "CBM 185 Extra"]
[Source "ChessBase"]
[SourceDate "2018.07.29"]
[SourceVersion "1"]
[SourceVersionDate "2018.07.29"]
[SourceQuality "1"]

1. c4 Nf6 2. g3 g6 3. Bg2 Bg7 4. Nc3 O-O 5. d4 c6 6. Nf3 d5 7. cxd5 cxd5 8. Ne5 Ng4 9. Nxg4 Bxg4 10. Bxd5 Nc6 11. h3 Bd7 12. e3 e5 13. dxe5 Nxe5 14. Bg2 Qc8 15. g4 Bc6 16. O-O Bxg2 17. Kxg2 Rd8 18. Nd5 Qe6 19. e4 f5 20. Qb3 Kh8 21. Nc7 Qc6 22. Nxa8 Rd3 23. Qb4 a5 24. Qxa5 Qxe4+ 25. f3 Nxf3 26. Qd8+ Rxd8 27. Rxf3 Rd3 0-1

[Event "chess.com Speed Inv Qual"]
[Site "Chess.com INT"]
[Date "2018.06.26"]
[Round "1.19"]
[White "Hansen, Eric"]
[Black "Hammer, Jon Ludvig"]
[Result "0-1"]
[WhiteElo "2629"]
[BlackElo "2631"]
[PlyCount "80"]
[GameId "1268692322041856"]
[EventDate "2018.06.26"]
[EventType "k.o. (blitz)"]
[EventRounds "2"]
[EventCountry "USA"]
[SourceTitle "CBM 185 Extra"]
[Source "ChessBase"]
[SourceDate "2018.07.29"]
[SourceVersion "1"]
[SourceVersionDate "2018.07.29"]
[SourceQuality "1"]

1. e4 c6 2. Nc3 d5 3. Nf3 dxe4 4. Nxe4 Nf6 5. Qe2 Nxe4 6. Qxe4 Qa5 7. Bc4 Qf5 8. d3 Qxe4+ 9. dxe4 f6 10. Be3 e5 11. O-O-O Nd7 12. h4 Nb6 13. Bb3 h5 14. a4 Nd7 15. Nd2 Bc5 16. Bxc5 Nxc5 17. f3 Ke7 18. a5 b5 19. Nf1 Nb7 20. a6 Nc5 21. Ne3 Nxa6 22. Rd2 Nc5 23. Ba2 a5 24. Rhd1 g6 25. Rd6 Bd7 26. c3 Rhd8 27. Kb1 Be8 28. Rxd8 Rxd8 29. Kc2 Rxd1 30. Nxd1 Bf7 31. Bxf7 Kxf7 32. b4 axb4 33. cxb4 Na6 34. Kc3 Ke6 35. Nb2 Nb8 36. Nd3 Nd7 37. Nc5+ Nxc5 38. bxc5 g5 39. g3 f5 40. Kd3 f4 0-1

[Event "chess.com Speed Inv Qual"]
[Site "Chess.com INT"]
[Date "2018.06.26"]
[Round "1.20"]
[White "Hammer, Jon Ludvig"]
[Black "Hansen, Eric"]
[Result "1-0"]
[WhiteElo "2631"]
[BlackElo "2629"]
[PlyCount "119"]
[GameId "1268692322045952"]
[EventDate "2018.06.26"]
[EventType "k.o. (blitz)"]
[EventRounds "2"]
[EventCountry "USA"]
[SourceTitle "CBM 185 Extra"]
[Source "ChessBase"]
[SourceDate "2018.07.29"]
[SourceVersion "1"]
[SourceVersionDate "2018.07.29"]
[SourceQuality "1"]

1. c4 Nf6 2. Nc3 d5 3. cxd5 Nxd5 4. Nf3 g6 5. Qb3 Nb6 6. d4 Bg7 7. e4 O-O 8. Be3 a5 9. Rd1 a4 10. Qc2 Nc6 11. a3 Bg4 12. d5 Bxf3 13. gxf3 Ne5 14. Be2 Nec4 15. Bc1 Qd7 16. h4 h5 17. f4 c6 18. dxc6 Qxc6 19. Nd5 Rfe8 20. e5 Nxd5 21. Qxc4 e6 22. Qxc6 bxc6 23. Rh3 Reb8 24. Bf3 Rb5 25. Bg2 Bf8 26. Rhd3 Be7 27. Rd4 Rc5 28. Bd2 Kf8 29. Rc1 Rxc1+ 30. Bxc1 Ke8 31. Rc4 Kd7 32. Bf3 Ra6 33. Bd1 Nb6 34. Rd4+ Kc7 35. Be3 c5 36. Re4 Ra5 37. Bd2 Rb5 38. Bc3 Nd5 39. Rxa4 Nxc3 40. Ra7+ Kd8 41. bxc3 Rb2 42. Ba4 Bxh4 43. Rxf7 Rxf2 44. Kd1 Ra2 45. Bb3 Rxa3 46. Kc2 Bg3 47. Bxe6 Ra4 48. Rd7+ Ke8 49. Rg7 Rxf4 50. Rxg6 h4 51. Bd5 c4 52. Rg8+ Ke7 53. Rg7+ Ke8 54. e6 Rf2+ 55. Kd1 Bd6 56. Bc6+ Kf8 57. Rh7 Be7 58. Bd5 Rf3 59. Bxf3 Bf6 60. Rf7+ 1-0

[Event "chess.com Speed Inv Qual"]
[Site "Chess.com INT"]
[Date "2018.06.26"]
[Round "1.21"]
[White "Hansen, Eric"]
[Black "Hammer, Jon Ludvig"]
[Result "0-1"]
[WhiteElo "2629"]
[BlackElo "2631"]
[PlyCount "190"]
[GameId "1268692322050048"]
[EventDate "2018.06.26"]
[EventType "k.o. (blitz)"]
[EventRounds "2"]
[EventCountry "USA"]
[SourceTitle "CBM 185 Extra"]
[Source "ChessBase"]
[SourceDate "2018.07.29"]
[SourceVersion "1"]
[SourceVersionDate "2018.07.29"]
[SourceQuality "1"]

1. e4 e5 2. Nf3 Nc6 3. Bb5 Nf6 4. d3 Bc5 5. c3 O-O 6. O-O Re8 7. Re1 a6 8. Ba4 d5 9. Qe2 b5 10. Bb3 Bb7 11. Nbd2 d4 12. Nf1 a5 13. a4 dxc3 14. bxc3 b4 15. Bd2 bxc3 16. Bxc3 Nd4 17. Bxd4 Bxd4 18. Rac1 Bb6 19. Ng3 g6 20. h3 Kg7 21. Red1 Qd6 22. Bc4 Rad8 23. Qa2 Re7 24. Re1 Qd7 25. Qa1 Qd6 26. Qb2 Kh8 27. Ng5 Kg7 28. Nf3 Kh8 29. d4 Nd7 30. Rcd1 exd4 31. Ng5 Qf6 32. Nxf7+ Rxf7 33. Bxf7 Qxf7 34. e5 Nf8 35. Ne4 Qd5 36. f3 Qxe5 37. Nf2 Qf6 38. Ng4 Qd6 39. Kh1 h5 40. Ne5 Kg7 41. Qb3 Bd5 42. Qc2 Bg8 43. f4 Bd5 44. Rf1 Bb7 45. Kh2 Bc8 46. Nc4 Qc6 47. Qd3 Bf5 48. Qe2 d3 49. Qe5+ Qf6 50. Nxb6 Qxe5 51. fxe5 cxb6 52. Rf2 Nd7 53. g4 hxg4 54. hxg4 Be4 55. Rf4 Nc5 56. Kg3 g5 57. Rf2 Bg6 58. Kf3 Ne4 59. Rb2 d2 60. Ke3 Nc3 61. Rdxd2 Nd1+ 62. Ke2 Nxb2 63. Rxd8 Nxa4 64. Rd7+ Kf8 65. Ke3 Be8 66. Rd6 Ke7 67. Rf6 b5 68. Rf5 Nc5 69. e6 Nxe6 70. Kd3 a4 71. Kc3 Bg6 72. Re5 Kd6 73. Rxb5 Be8 74. Ra5 Bc6 75. Kb4 Kd7 76. Ka3 Kc7 77. Re5 Kd6 78. Ra5 Nc5 79. Kb4 Nd3+ 80. Ka3 Ne5 81. Kb4 Bd5 82. Kxa4 Nxg4 83. Kb4 Ke5 84. Kc3 Ke4 85. Ra4+ Kf5 86. Ra5 Nf6 87. Kd4 Kf4 88. Ra6 Kf5 89. Rb6 g4 90. Ke3 Be6 91. Rb5+ Nd5+ 92. Kf2 Kf4 93. Kg2 Bf5 94. Rxd5 Be4+ 95. Kg1 Bxd5 0-1